000 00859nam0a22002651 4500
001 RU\INFOCOMM_327\NLR\5000001637
005 20250613103823.0
035 _a(NLR Aleph) 009481725
090 _a8591893
_c8591893
100 _a20121130d1975 |||y0rusy50 ca
101 1 _aeng
102 _aRU
105 _ay z |||||
200 1 _aBacho and Gocha
_e[For tiny tots]
_fO. Ioseliani
_g[Transl. by Fainna Solasko
_gDraw. by Y. Molokanov]
210 _aM.
_c"Progress"
_d[1975]
215 _a[27] с.
_cцв. ил.
_d28 см
300 _aВ вып. дан.: О. Иоселиани. Сказка про Бачо и Гочу
620 _aМосква
686 _aДл215
_2rubbk
700 1 _aIoseliani
_bO. S.
_f1930-
_gOtia Šalvovič
801 1 _aRU
_bNLR
_c20121130
801 0 _aRU
_bINFOCOMM
_gPSBO
852 _aNLR
_jДл01 Д-8/394
942 _cBOOK
980 _aNB